Composers Who Died Young - Statistics

General Stats
  • This quiz has been taken 84 times
  • The average score is 5 of 9
Answer Stats
Age When/Where N Cause of death Work Answer % Correct
35 1791 Vienna Unknown; likely tuberculosis Requiem Wolfgang AmadeusMozart
95%
39 1849 Paris Heart inflammation and tuberculosis Nocturnes Frédéric Chopin
84%
31 1828 Vienna Syphilis Ave Maria Franz Schubert
83%
36 1875 Paris Series of heart attacks Carmen Georges Bizet
83%
38 1937 Los Angeles Brain tumor Rhapsody in Blue George Gershwin
82%
36 1695 London Unknown; likely hypothermia Dido and Aeneas Henry Purcell
49%
33 1835 Paris Liver failure I puritani Vincenzo Bellini
30%
24 1918 France Bronchial pneumonia and tuberculosis Psalms Lili Boulanger
24%
34 1983 Paris Hate crime; stabbing and suffocation Zipangu Claude Vivier
8%
No matching quizzes found
Score Distribution
Percent of People with Each Score
Percentile by Number Answered
Your Score History
You have not taken this quiz